000
00373nam a2200145Ia 4500
008
230411s9999 xx 000 0 und d
020
_a
978-81-8462-029-0
041
_a
eng
082
_a
X/MEH/B06484
100
_a
Mehta N V
245
_a
Income Tax Ready Reckoner
260
_b
Shri Kuber Publishing House
_a
Mumbai
_c
2011
300
_a
344p
999
_c
156889
_d
156889